| 000 | 00527nam a2200217Ia 4500 | ||
|---|---|---|---|
| 003 | 0100 | ||
| 008 | 130227s9999 xx 000 0 und d | ||
| 040 | _cARRUPELIB | ||
| 050 | _aKF3827.E87D54 | ||
| 100 | _aWong, B. Cynthia | ||
| 245 | _adilemmas of dying | ||
| 260 | _aBoston | ||
| 260 | _bG.K. hall Medical Publishers | ||
| 260 | _C1979 | ||
| 300 | _axiv | ||
| 300 | _b205p. 25cm. | ||
| 650 | _bSpiritual exercises - Criticism | ||
| 650 | _cPrayer - Catholic Church | ||
| 650 | _dContemplation | ||
| 942 |
_2lcc _02 |
||
| 999 |
_c3622 _d3622 |
||